IFM Opac

Introduction to marketing; (Record no. 16840)

MARC details
000 -LEADER
fixed length control field 00341nam a2200133 4500
082 00 - DEWEY DECIMAL CLASSIFICATION NUMBER
Classification number 658.8 GRA
100 1# - MAIN ENTRY--PERSONAL NAME
Personal name Grayson, Robert A.
245 10 - TITLE STATEMENT
Title Introduction to marketing;
260 ## - PUBLICATION, DISTRIBUTION, ETC.
Place of publication, distribution, etc. New York,
Name of publisher, distributor, etc. Appleton-Century-Crofts
Date of publication, distribution, etc. [1971]
300 ## - PHYSICAL DESCRIPTION
Extent xii, 427 p.
Other physical details illus., map.
650 #0 - SUBJECT ADDED ENTRY--TOPICAL TERM
Topical term or geographic name entry element Marketing.
700 1# - ADDED ENTRY--PERSONAL NAME
Personal name Olsen, Reynold A.,
942 ## - ADDED ENTRY ELEMENTS (KOHA)
Koha item type Books
Holdings
Withdrawn status Lost status Source of classification or shelving scheme Damaged status Not for loan Home library Current library Shelving location Date acquired Full call number Barcode Date last seen Price effective from Koha item type
    Dewey Decimal Classification     IFM Main Campus Library IFM Main Campus Library   10/07/2016 658.8 GRA 0000012015 10/07/2016 10/07/2016 Books